000 00813nam a2200217 a 4500
999 _c6746
_d6746
001 6746
003 BD-JhCC
005 20181219134016.0
008 180129b1995 bg a|||| ||a| 000 0 ben d
035 _a(BD-JhCC)6746
040 _aBD-JhCC
_dBD-JhCC
041 _aben
082 _a005
_bCHO 1995
100 _aচৌধুরী, মোহাম্মদ আবুল হোসেন
245 _aউচ্চ মাধ্যমিক কম্পিউটার কম্পিউটার বিজ্ঞান (প্রথম পত্র) /
_cমোহাম্মদ আবুল হোসেন চৌধুরী
260 _aঢাকা :
_bমিতা ট্রেডার্স,
_c1995.
300 _a200 p. :
_c24 cm.
650 _aComputer Science
942 _2ddc
_cBK
_02